Preradenie zamestnanca bez dohody na prácu iného druhu

Právna úprava v otázke preradenia zamestnanca. Možnosť preradenia zamestnanca na prácu iného druhu pri jeho nesúhlase. Preradenie na iný druh práce.

Gespeichert in:
Bibliographische Detailangaben
1. Verfasser: Székelyová, Veronika
Format: Buchkapitel
Sprache:Slowakisch
Schlagworte:
Tags: Tag hinzufügen
Keine Tags, Fügen Sie das erste Tag hinzu!

MARC

LEADER 00000naa a2200000 4500
001 0313468
005 20251203151443.9
041 0 |a slo 
044 |a SK 
245 1 0 |a Preradenie zamestnanca bez dohody na prácu iného druhu  |c Veronika Székelyová 
520 |a Právna úprava v otázke preradenia zamestnanca. Možnosť preradenia zamestnanca na prácu iného druhu pri jeho nesúhlase. Preradenie na iný druh práce. 
610 2 0 |a zamestnanci 
610 2 0 |a preradenie pracovníkov 
610 2 0 |a zmluvy pracovné 
610 2 0 |a zamestnávatelia 
610 2 0 |a úpravy právne 
610 2 0 |a zákonník práce 
100 1 |a Székelyová, Veronika